000 00198 a2200097 4500
001 4654
100 _aKing g.J
245 _aPractical Hi-fi handbook
260 _a
_bOdhams
_c
090 _c3848
_d3848
942 _aNUST-CAE
_cM
_c30098
999 _c239727
_d239727